[Event "Niedersachsen-ch op-C"]
[Site "Verden an der Aller"]
[Date "2020.01.03"]
[Round "4"]
[White "Hossen, Ciwan"]
[Black "Hommel, Mika"]
[Result "0-1"]
[WhiteElo "707"]
[BlackElo "798"]
[PlyCount "34"]
[EventDate "2020.01.02"]
[EventType "swiss"]
[EventRounds "7"]
[EventCountry "GER"]
[SourceTitle "EXT 2023"]
[Source "ChessBase"]
[SourceDate "2022.10.05"]
[SourceVersion "1"]
[SourceVersionDate "2022.10.05"]
[SourceQuality "1"]

1. e4 e5 2. Be2 Nf6 3. d3 Nc6 4. Nf3 Bc5 5. Be3 Bxe3 6. fxe3 d6 7. 0-0 Ng4 8. h3 Nxe3 9. Qe1 Nxf1 10. Bxf1 Nd4 11. Qd2 Nxf3+ 12. gxf3 Qh4 13. Na3 Qg3+ 14. Bg2 Bxh3 15. Kf1 Bxg2+ 16. Ke2 Qxf3+ 17. Ke1 Qf1# 0-1

[Event "Niedersachsen-ch op-C"]
[Site "Verden an der Aller"]
[Date "2020.01.02"]
[Round "2"]
[White "Hossen, Ciwan"]
[Black "Payyappat, Sayas"]
[Result "0-1"]
[WhiteElo "707"]
[BlackElo "1131"]
[PlyCount "46"]
[EventDate "2020.01.02"]
[EventType "swiss"]
[EventRounds "7"]
[EventCountry "GER"]
[SourceTitle "EXT 2023"]
[Source "ChessBase"]
[SourceDate "2022.10.05"]
[SourceVersion "1"]
[SourceVersionDate "2022.10.05"]
[SourceQuality "1"]

1. e4 e5 2. Bc4 Bc5 3. Qf3 Nf6 4. d3 0-0 5. Bg5 Be7 6. Bxf6 Bxf6 7. Qg3 Nc6 8. Ne2 Nb4 9. Na3 d5 10. exd5 Nxd5 11. Bxd5 Qxd5 12. c4 Qa5+ 13. Nc3 e4 14. 0-0 exd3 15. Qxd3 Bf5 16. Qf3 Rfe8 17. Qxb7 Rab8 18. Qf3 Rxb2 19. Qe3 Rxe3 20. fxe3 Bxc3 21. Rfd1 h5 22. Rac1 Qxa3 23. Rd3 Bxd3 0-1